000 00554nam a22001697a 4500
005 20251108171048.0
008 250721s1980 xx 000 0 ara d
082 1 4 _a799.2/كشا
100 1 _aكشاجم، أبو الفتح محمود بن الحسين بن السندي
245 1 0 _aالصقر .. و الصيد عند العرب /
264 1 _aالكويت :
_bشركة كاظمة للنشر،
_c1980.
300 _a104ص
650 1 7 _aالصيد
700 1 _aصالحية، محمد عيسى
_eتحقيق
942 _2ddc
_cBK
999 _c55608
_d55608